000 01400cab a2200241 4500
001 ##ABS52911
008 090401t1995 xxu||||| |||| 00| 0 eng d
035 _a(Sirsi) u825
041 0 _aeng
245 0 0 _aBarclays Bank plc v Daejan Investments (Grove Hall) Ltd
260 _c1995
350 _a0
490 0 _aEstates Gazette
_v(1995) 18 EG 117-120(4)
520 _aChD, 23 November 1994. B held 2 underleases from D for terms expiring in 2015. B sought consent to use the ground floor for any use within class A2; D looked for a landlord`s break clause. A letter stated consent for change of use subject to conditions amounting to a requirements for a fine within the meaning of the Landlord and Tenant Act 1927 s19(3). Evidence was given that B proposed alterations to an exterior wall and, relying on s19(3) and the authority of "West v Gwynne" ((1911) 2 Ch 1), sought a declaration that they were entitled to use the premises for any class A2 use. Application dismissed.
650 2 4 _aBARCLAYS BANK PLC V DAEJAN INVESTMENTS (GROVE HALL) LTD
650 2 4 _aLANDLORD AND TENANT ACT 1927 S19(3)
650 2 4 _aTOWN AND COUNTRY PLANNING (USE CLASSES) ORDER 1987
650 2 4 _aWEST V GWYNNE
651 4 _aEngland and Wales
_y1543-
690 _aPROPERTY-COMMERCIAL PROPERTY-LEASEHOLD COMMERCIAL PROPERTY-COMMERCIAL LANDLORD AND TENANT-COMMERCIAL LEASES
942 _n0
948 _c04/03/1997
999 _c455
_d455